Countries of Dancing in the Street - Statistics

General Stats
  • This quiz has been taken 17 times
  • The average score is 6 of 15
Answer Stats
Answer % Correct
In {New} {York} City
85%
{Philadelphia} PA
69%
Down in {New} {Orleans}
62%
Way down in {LA}
54%
Back in the {USSR}
46%
{France}!
46%
They're dancin' in {Chicago}
46%
{UK}!
46%
'Cross in {China} too
38%
On the streets of {Brazil}
38%
{South} {America}!
38%
{Germany}!
31%
{Australia}!
23%
{Baltimore} in DC now
23%
{Africa}!
0%
No matching quizzes found
Score Distribution
Percent of People with Each Score
Percentile by Number Answered
Your Score History
You have not taken this quiz